000 00591nam a2200229Ia 4500
008 210210b2017 xxu||||| |||| 00| 0 eng d
020 _a9789385161490
041 _aeng
082 _a338.4791 SINP
100 _aSINGH (Arvind K)
245 _aPromoting tourism and hospitality: trends and opportunities
260 _aNew Delhi
_b-
_c2017
300 _axv,382
650 _atrends
650 _atourism
650 _aPromoting
650 _aopportunities
650 _ahospitality:
690 _aSecondary Industries & Services
700 _aSHARMA (R A) Ed
906 _a071911
999 _c122036
_d122036